| Tag |
First Indicator |
Second Indicator |
Subfields |
| LEADER |
00000cam a2200000K 4500 |
| 001 |
in00003523959 |
| 005 |
20190407115753.0 |
| 006 |
m o d |
| 007 |
cr un||||a|a|| |
| 008 |
100817s1891 nyua o 000 0 eng d |
| 019 |
|
|
|a 463868204
|
| 035 |
|
|
|a (OCoLC)ocn657008896
|
| 035 |
|
|
|a (OCoLC)657008896
|z (OCoLC)463868204
|
| 040 |
|
|
|a OCLCE
|b eng
|e pn
|c OCLCE
|d COO
|d AMAZN
|d OCLCQ
|d OCLCF
|d OCLCO
|d OCLCQ
|d UtOrBLW
|
| 049 |
|
|
|a TXAM
|
| 060 |
|
4 |
|a BF
|b L154o 1890
|
| 100 |
1 |
|
|a Ladd, George Trumbull,
|d 1842-1921.
|
| 245 |
1 |
0 |
|a Outlines of physiological psychology :
|b A text-book of mental science for academies and colleges, /
|c by George Trumbull Ladd ...
|
| 264 |
|
1 |
|a New York :
|b Charles Scribner's Sons,
|c 1891
|
| 264 |
|
4 |
|c [©1890]
|
| 300 |
|
|
|a 1 online resource (xi, 505 pages) :
|b illustrations
|
| 336 |
|
|
|a text
|b txt
|2 rdacontent
|
| 337 |
|
|
|a computer
|b c
|2 rdamedia
|
| 338 |
|
|
|a online resource
|b cr
|2 rdacarrier
|
| 588 |
|
|
|a Description based on print version record.
|
| 500 |
|
|
|a Electronic resource.
|
| 650 |
|
0 |
|a Psychophysiology.
|
| 650 |
|
7 |
|a Psychophysiology.
|2 fast
|0 (OCoLC)fst01081674
|
| 655 |
|
7 |
|a Electronic books.
|2 local
|
| 730 |
0 |
|
|a PsycBOOKs.
|
| 776 |
1 |
8 |
|i Print version:
|a Ladd, George Trumbull, 1842-1921.
|t Outlines of physiological psychology.
|d New York, Charles Scribner's Sons, 1891 [©1890]
|w (DLC)e 15002997
|w (OCoLC)14796851
|
| 856 |
4 |
0 |
|u http://proxy.library.tamu.edu/login?url=http://search.ebscohost.com/direct.asp?db=pzh&jid=200810430&scope=site
|z Connect to the full text of this electronic book
|t 0
|
| 994 |
|
|
|a 92
|b TXA
|
| 999 |
|
|
|a MARS
|
| 999 |
f |
f |
|s 5ed49a0e-f4e6-3303-bb67-9f630b9a0344
|i bbad29e3-412f-3d8b-ad89-712d0ca400b5
|t 0
|
| 952 |
f |
f |
|a Texas A&M University
|b College Station
|c Electronic Resources
|d Available Online
|t 0
|h No information provided
|
| 998 |
f |
f |
|t 0
|l Available Online
|